Cómo utilizar tipografía.

Saved in:
Bibliografiske detaljer
Hovedforfatter: Marshall, Lindsey (autora)
Andre forfattere: Meachem, Lester (autor), Jarrín Rodríguez, Teresa (traductora)
Format: Bog
Udgivet: Barcelona, España: Blume, 2012.
Udgivelse:Primera edición en lengua española.
Fag:
Tags: Tilføj Tag
Ingen Tags, Vær først til at tagge denne postø!

MARC

LEADER 00000nam a22000007a 4500
003 CL-VaPUC
005 20250407202443.0
008 250312t2012 ||||| |||| 00| 0 eng d
999 |c 447272  |d 447270 
020 |a 978-84-9801-632-1 
040 |c Pontificia Universidad Católica de Valparaíso 
082 |a 686.22 MAR 2012 
100 |9 896676  |a Marshall, Lindsey  |e autora 
245 |a Cómo utilizar tipografía. 
250 |a Primera edición en lengua española. 
260 |a Barcelona, España:  |b Blume,  |c 2012. 
300 |a 208 páginas:  |b ilustraciones. 
500 |a c.1-c.4. Instituto Arcos.08-01-2025 
583 |c 20250312  |k Gabriela Rodríguez Cuevas 
650 0 |9 266998  |a Tipografía  |x Diseño gráfico   |v Manuales 
650 0 |9 265865  |a Artes gráficas 
650 0 |9 266376  |a Tipos (Imprenta) 
700 |9 896677  |a Meachem, Lester  |e autor 
700 |9 896678  |a Jarrín Rodríguez, Teresa  |e traductora 
942 |2 ddc  |c BK  |n 0 
952 |0 0  |1 0  |2 ddc  |4 0  |6 686_220000000000000_MAR_2012  |7 0  |8 A  |9 601040  |a BIBINC  |b BIBINC  |d 2025-03-12  |e Instituto Arcos  |i 5665934  |o 686.22 MAR 2012  |p 5665934  |r 2025-03-12  |t 1  |w 2025-03-12  |y BK  |k IFP 
952 |0 0  |1 0  |2 ddc  |4 0  |6 686_220000000000000_MAR_2012  |7 0  |8 A  |9 601041  |a BIBINC  |b BIBINC  |d 2025-03-12  |e Instituto Arcos  |i 5665935  |o 686.22 MAR 2012  |p 5665935  |r 2025-03-12  |t 2  |w 2025-03-12  |y BK  |k IFP 
952 |0 0  |1 0  |2 ddc  |4 0  |6 686_220000000000000_MAR_2012  |7 0  |8 A  |9 601042  |a BIBINC  |b BIBINC  |d 2025-03-12  |e Instituto Arcos  |i 5665936  |o 686.22 MAR 2012  |p 5665936  |r 2025-03-12  |t 3  |w 2025-03-12  |y BK  |k IFP 
952 |0 0  |1 0  |2 ddc  |4 0  |6 686_220000000000000_MAR_2012  |7 0  |8 A  |9 601043  |a BIBINC  |b BIBINC  |d 2025-03-12  |e Instituto Arcos  |i 5665937  |l 1  |o 686.22 MAR 2012  |p 5665937  |q 2025-05-11  |r 2025-04-11  |s 2025-04-11  |t 4  |w 2025-03-12  |y BK  |k IFP